UFC Most Wins by Division - Statistics

General Stats
  • This quiz has been taken 276 times
    83 since last reset
  • The average score is 5 of 12
Answer Stats
Division Wins Answer % Correct
LHW 20 Jon Jones
94%
LW 24 Jim Miller
74%
FTW 20 Max Holloway
60%
W-BW 13 Amanda Nunes
58%
W-FW 12 Valentina Shevchenko
51%
HW 23 Andrei Arlovski
38%
FW 14 Alexandre Pantoja
36%
W-FTW 4 Norma Dumont | Cris Cyborg
34%
MW 16 Michael Bisping | Brad Tavares
25%
WW 24 Neil Magny
22%
BW 14 Aljamain Sterling
17%
W-SW 12 Angela Hill
6%
No matching quizzes found
Score Distribution
Percent of People with Each Score
Percentile by Number Answered
Your Score History
You have not taken this quiz since the last reset